000 00865nam a2200313 a 4500
003 AR-BaBNM
005 20251128203437.0
008 082120s2002 ||||||||||||||000 | spa||
040 _cAR-BaBNM
100 1 _aCometta Manzoni, Aída
245 0 0 _aEl indio en la poesía de América Española
260 _aBuenos Aires
_bJoaquín Torres Editor
_c1939
300 _a290 p.
500 _aContiene referencias bibliográficas en p. 287
500 _aIndice de autores en p. 291
650 4 _aROMANTICISMO
650 4 _aSOCIOLOGIA CULTURAL
650 4 _aLITERATURA LATINOAMERICANA
650 4 _aABORIGENES
650 4 _aCRITICA LITERARIA
650 4 _aHISTORIA LITERARIA
650 4 _aLITERATURA ESPAÑOLA
653 _aNATIVISMO
653 _aINDIGENISMO
653 _aEPOCA COLONIAL
655 _aLITERATURA
942 _cBK
998 _cMARTIN
999 _c3413
_d3413